000
00230nam a2200097Ia 4500
008
170619s9999 xx 000 0 und d
100
_a
Etten- Van
245
0
_a
Intro. to Random Signals and Noise
260
_b
Wiley-India
260
_c
2009
546
_a
ENGLISH
999
_c
20448
_d
20448